Responses for Show #1597 - Tuesday, July 9, 1991

1991 Seniors Tournament quarterfinal game 2. Three-way tie at zero.

Contestants

[<< previous game]

Pat van Melle, a librarian from Homewood, Illinois

Dow Huskey, an investor from San Jose, California

Florence Cannizzo, a retired school principal from Clifton, New Jersey

[next game >>]

Jeopardy! Round responses

THE WWII HOME FRONT
THE NEW TESTAMENT
TV SITCOMS
ART
THE EARTH
SPELLING
    $100 5
Jack Benny

Dow
    $100 16
(Dow: [Without ringing in] Who is [*]?)
...
(Alex: Dow forgot that he's supposed to ring in.)

Mary

Pat
    $100 1
the Hudson Valley

Florence
    $100 11
Antarctica

Florence
    $100 21
M-A-R-I-O-N-E-T-T-E

Pat
    $200 7
the Olympics

Dow
    $200 17
Judas (Iscariot)

Florence
    $200 2
Adam & Eve

Florence
    $200 12
Los Angeles

Florence
    $200 22
(Alex: We have less than a minute to go.)

C-H-A-M-E-L-E-O-N

Pat
    $300 8
Carole Lombard

Dow
    $300 18
bread

Florence
    $300 3
Rembrandt

Pat
    $300 13
the Persian Gulf

Dow
    $300 23
(Dow: What is C-L-A-V-I-C-A-L?)

C-L-A-V-I-C-L-E

DowPat
    $400 9
Thomas Dewey

Florence
    $400 19
Peter

Pat
    $400 4
(Dow: Gauguin.)

Édouard Manet

Dow
Triple Stumper
    $400 14
leave the water running

Dow
    $400 24
[Alex said "Shang" instead of China to complete his reading of the clue.]
(Alex: [Laughs] I gave you the clue there and I also gave you the response. Shanghai is right.)

S-H-A-N-G-H-A-I

Triple Stumper
    $500 10
"The Last Time I Saw Paris"

Dow
    $500 20
(Alex: Joseph of [*], yes.)

Arimathea

Pat
    $500 6
Marat

Pat
    $1,400 15
(Dow: [Deciding on his wager] Well, I didn't come here in a wimp-mobile; let's bet it all.)
...
(Dow: What is red?)

yellow

Dow
    $500 25
(Pat: What is I-M-P-A-T-I-E-N-T?)
...
[The end-of-round signal sounds.]

I-M-P-A-T-I-E-N-S

Pat
Triple Stumper

Scores at the first commercial break (after clue 13):

Florence Dow Pat
$1,000 $1,000 $800

Scores at the end of the Jeopardy! Round:

Florence Dow Pat
$1,500 -$300 $1,900

Double Jeopardy! Round responses

THE WORLD PRESS
TEXTILES
CHICAGO
THE MIDDLE AGES
DRAMA
SENIOR ACHIEVERS
    $200 16
Saturday

Florence
    $200 7
nylon

Pat
    $200 2
the fire

Dow
    $200 1
Muhammad

Pat
    $200 17
The Importance of Being Earnest

Florence
    $200 20
Colonel Sanders

Dow
    $400 23
the Christian Science Monitor

Florence
    $400 8
felt

Dow
    $400 10
Sears Tower

Dow
    $400 3
Gibraltar

Florence
    $400 18
George Bernard Shaw

Pat
    $400 21
Arthur Fieldler

Florence
    $600 27
Pravda

Florence
    $600 9
Jacquard

Pat
    $600 11
an aldermen

Florence
    $600 4
William Tell

Florence
    $600 19
Cat on a Hot Tin Roof

Dow
    $600 25
Armand Hammer

Dow
    $800 29
Figaro

Pat
    $800 14
lamé

Pat
    $800 12
(Marshall) Field

Dow
    $800 5
(Pat: What is Charlemagne?)

dauphin

FlorencePat
    $800 22
Moliere

Pat
    $800 26
(Florence: Who is Agnes de Mille?)
(Dow: Who is Margot Fonteyn?)

Martha Graham

FlorenceDow
Triple Stumper
    $1000 30
(Dow: Uh, what is Saudi Arabia?)

Egypt

Dow
Triple Stumper
    $1000 15
Burlington

Dow
    $1000 13
(Dow: What is the Mercantile Exchange?)

the (Chicago) Board of Trade

DowPat
    $1000 6
the Plantagenets

Dow
    $1,000 24
(Florence: What is The Doll House?)

A Doll's House

Florence
    $2,000 28
Clarence Darrow

Florence

Scores at the end of the Double Jeopardy! Round:

Florence Dow Pat
$5,900 $2,100 $5,900

Final Jeopardy! Round responses

STATE CAPITALS
(Alex: What would you have put down?)
(Dow: Uh, I was thinking about New York, but this was not a state capital.)
...
[Pat's response was revealed before Florence's.]
...
(Alex: We have no winner today and that means we will have five wildcard spots to select from at the end of the week.)
DowWhat is [unreadable letter or two]
$2,100
PatWhat is Richmond
$5,900
FlorenceWhat is Phila? Baltimor
$5,900
(1 of) Annapolis or Trenton

Final scores:

Florence Dow Pat
$0 $0 $0
$1,000 if eliminated $1,000 if eliminated $1,000 if eliminated

Game dynamics:

Coryat scores:

Florence Dow Pat
$5,900 $3,500 $5,900
17 R
(including 1 DD),
2 W
(including 1 DD)
15 R,
6 W
(including 1 DD)
16 R,
2 W

Combined Coryat: $15,300

[game clues] [game scores] [suggest correction]

Game tape date: 1991-03-25
The J! Archive is created by fans, for fans. Scraping, republication, monetization, and malicious use prohibited; this site may use cookies and collect identifying information. See terms. The Jeopardy! game show and all elements thereof, including but not limited to copyright and trademark thereto, are the property of Jeopardy Productions, Inc. and are protected under law. This website is not affiliated with, sponsored by, or operated by Jeopardy Productions, Inc. Join the discussion at JBoard.tv.